|
|
|
|
| LEADER |
02906nam a22004935i 4500 |
| 001 |
978-3-642-37762-4 |
| 003 |
DE-He213 |
| 005 |
20151125201441.0 |
| 007 |
cr nn 008mamaa |
| 008 |
130607s2013 gw | s |||| 0|eng d |
| 020 |
|
|
|a 9783642377624
|9 978-3-642-37762-4
|
| 024 |
7 |
|
|a 10.1007/978-3-642-37762-4
|2 doi
|
| 040 |
|
|
|d GrThAP
|
| 050 |
|
4 |
|a TA365-367.5
|
| 072 |
|
7 |
|a TTA
|2 bicssc
|
| 072 |
|
7 |
|a TEC001000
|2 bisacsh
|
| 082 |
0 |
4 |
|a 620.2
|2 23
|
| 245 |
1 |
4 |
|a The Technology of Binaural Listening
|h [electronic resource] /
|c edited by Jens Blauert.
|
| 264 |
|
1 |
|a Berlin, Heidelberg :
|b Springer Berlin Heidelberg :
|b Imprint: Springer,
|c 2013.
|
| 300 |
|
|
|a XIV, 511 p.
|b online resource.
|
| 336 |
|
|
|a text
|b txt
|2 rdacontent
|
| 337 |
|
|
|a computer
|b c
|2 rdamedia
|
| 338 |
|
|
|a online resource
|b cr
|2 rdacarrier
|
| 347 |
|
|
|a text file
|b PDF
|2 rda
|
| 490 |
1 |
|
|a Modern Acoustics and Signal Processing
|
| 505 |
0 |
|
|a From the Contents: An Introduction to Binaural Processing -- The Auditory-modeling Toolbox -- Acquisition and Representation of Head-related Transfer Functions -- Binaural Analysis of Complex Listening Environments -- Binaural Scene Analysis with Multi-dimensional Statistical Filters -- Extracting Room and Source-distance Information from Binaural.-Binaural Evaluation of Auditory Scenes Using Head Movements -- Binaural Systems in Robotics -- Binaural Assessment of Multi-channel Reproduction -- Optimization and Assessment of Binaural Algorithms for Hearing.
|
| 520 |
|
|
|a This book reports on the application of advanced models of the human binaural hearing system in modern technology, among others, in the following areas: binaural analysis of aural scenes, binaural de-reverberation, binaural quality assessment of audio channels, loudspeakers and performance spaces, binaural perceptual coding, binaural processing in hearing aids and cochlea implants, binaural systems in robots, binaural/tactile human-machine interfaces, speech-intelligibility prediction in rooms and/or multi-speaker scenarios. An introduction to binaural modeling and an outlook to the future are provided. Further, the book features a MATLAB toolbox to enable readers to construct their own dedicated binaural models on demand.
|
| 650 |
|
0 |
|a Engineering.
|
| 650 |
|
0 |
|a Otorhinolaryngology.
|
| 650 |
|
0 |
|a Acoustics.
|
| 650 |
|
0 |
|a Acoustical engineering.
|
| 650 |
1 |
4 |
|a Engineering.
|
| 650 |
2 |
4 |
|a Engineering Acoustics.
|
| 650 |
2 |
4 |
|a Signal, Image and Speech Processing.
|
| 650 |
2 |
4 |
|a Acoustics.
|
| 650 |
2 |
4 |
|a Otorhinolaryngology.
|
| 700 |
1 |
|
|a Blauert, Jens.
|e editor.
|
| 710 |
2 |
|
|a SpringerLink (Online service)
|
| 773 |
0 |
|
|t Springer eBooks
|
| 776 |
0 |
8 |
|i Printed edition:
|z 9783642377617
|
| 830 |
|
0 |
|a Modern Acoustics and Signal Processing
|
| 856 |
4 |
0 |
|u http://dx.doi.org/10.1007/978-3-642-37762-4
|z Full Text via HEAL-Link
|
| 912 |
|
|
|a ZDB-2-ENG
|
| 950 |
|
|
|a Engineering (Springer-11647)
|